000 00381nam a2200133Ia 4500
008 151001s9999||||xx |||||||||||||| ||und||
100 _aना सी फडके
245 _aलघुकथा लेखन मंत्र व तंत्र
250 _a1
260 _bअंजली प्रकाशन पुणे
260 _c1952
300 _a400
365 _b8
999 _c950192
_d950189